| 000 | 01449cam a2200361 a 4500 | ||
|---|---|---|---|
| 001 | 15871783 | ||
| 005 | 20100723120127.0 | ||
| 008 | 090818s2009 enka b 001 0 eng | ||
| 010 | _a 2009033881 | ||
| 015 |
_aGBA732849 _2bnb |
||
| 016 | 7 |
_a013735763 _2Uk |
|
| 020 | _a0470015004 (cloth) | ||
| 020 | _a9780470015001 (cloth) | ||
| 035 | _a(OCoLC)ocn431936159 | ||
| 040 |
_aDLC _cDLC _dBWKUK _dBWK _dYDXCP _dCDX _dAGL _dTTU _dUKM _dBWX _dDEBBG _dDLC |
||
| 050 | 0 | 0 |
_aTJ820 _b.M374 2009 |
| 070 | 0 |
_aTJ820 _b.M374 2009 |
|
| 082 | 0 | 0 |
_a621.312136 _222 _bMAN |
| 084 |
_aZP 3710 _2rvk |
||
| 100 | 1 |
_aManwell, J. F. _922983 |
|
| 245 | 1 | 0 |
_aWind Energy Explained : _bTheory, Design and Application / _cJ.F. Manwell and J.G. McGowan, Anthony Rogers. |
| 250 | _a2nd ed. | ||
| 260 |
_aChichester, U.K. : _bWiley, 2009 _c2009. |
||
| 300 |
_axii, 689 p. : _bill. ; _c25 cm. |
||
| 504 | _aIncludes bibliographical references and index. | ||
| 650 | 0 |
_aWind power. _922984 |
|
| 653 |
_bEle _cApril2011 |
||
| 700 | 1 |
_aMcGowan, J. G. _922985 |
|
| 700 | 1 |
_aRogers, Anthony L., _d1948- _922986 |
|
| 942 |
_2ddc _cBB |
||
| 999 |
_c15092 _d15092 |
||